Pays avec le plus d'émigrés - Statistiques

Statistiques générales
  • Ce quiz a été pris 157 fois
  • Le résultat moyen est 6 sur 10
Statistiques - réponses
Rank Réponse % Correct
3 Chine
87%
4 Russie
80%
1 Inde
76%
2 Mexique
72%
7 Pakistan
56%
8 Ukraine
46%
5 Syrie
45%
10 Afghanistan
40%
6 Bangladesh
39%
9 Philippines
23%
Aucun quiz correspondant
Distribution des résultats
% des personnes avec chaque résultat
Percentile par nombre de réponses
Votre historique - résultats
Vous n’avez pas pris ce quiz